000 00195nam a22000977a 4500
041 _aeng
080 _a80
100 _aNorthman, Philip
245 _aCliffs Notes: The Great Gatsby
999 _c282190
_d282190
942 _cBK